000 00612nam a2200217Ii 4500
003 JO-AjNU
008 230606s9999||||xx |||||||||||||| ||und||
020 _a978-81-8488-241-4
040 _aJO-AjNU
_beng
_erda
_cJO-AjNU
041 _aeng
050 1 4 _aHG1573 2009
100 3 _aSaivastava,Prem Kumar,
_eauthor
_91364
245 0 0 _aBanking Theory and Practice
250 _a10th ed
264 3 1 _aMumbai: Himalaya Publishing House,2009
300 _a678p
336 _atext
_btxt
_2rdacontent
337 _aunmediated
_bn
_2rdamedia
338 _avolume
_bnc
_2rdacarrier
650 4 _aBank and bankingĀ 
_91365
999 _aE720
_c720
_d720